| 000 | 00877cam a2200301La 4500 | ||
|---|---|---|---|
| 001 | 5803155 | ||
| 003 | OSt | ||
| 005 | 20240907103602.0 | ||
| 008 | 060711s2007 cauab b 001 0 eng d | ||
| 010 | _a 2005937707 | ||
| 020 | _a0495187062 | ||
| 035 | _a(OCoLC)ocm70574240 | ||
| 035 | _a(NNC)5803155 | ||
| 040 |
_aIG# _cIG# _dBAKER |
||
| 050 | 4 |
_aJZ1242 _b.K43 2007 |
|
| 082 | 0 | 4 |
_a327.1/01 _222 |
| 100 | 1 |
_aKegley, Charles W. _9109677 |
|
| 245 | 1 | 0 |
_aWorld politics : _btrend and transformation / _cCharles W. Kegley, Jr. |
| 250 | _a9th ed. | ||
| 260 |
_aBelmont, CA : _bThomson Wadsworth, _cc2007. |
||
| 300 |
_a1 v. 633p _bcol. ill., col. maps ; _c26 cm. |
||
| 504 | _aIncludes bibliographical references and indexes. | ||
| 650 | 0 | _aInternational relations. | |
| 650 | 0 | _aWorld politics. | |
| 942 |
_2ddc _cCSS |
||
| 948 | 1 |
_a20060912 _bc _crad1 _dMPS |
|
| 999 |
_c3175 _d3175 |
||